Thinking big : (Record no. 7056)

MARC details
000 -LEADER
fixed length control field 01078nam a22003017a 4500
001 - CONTROL NUMBER
control field 7056
003 - CONTROL NUMBER IDENTIFIER
control field FISKH
005 - DATE AND TIME OF LATEST TRANSACTION
control field 20250813134229.0
008 - FIXED-LENGTH DATA ELEMENTS--GENERAL INFORMATION
fixed length control field 250619b cb ||||| |||| 00| 0 eng d
020 ## - INTERNATIONAL STANDARD BOOK NUMBER
International Standard Book Number 027506300038
040 ## - CATALOGING SOURCE
Original cataloging agency FISKH
Language of cataloging eng
Transcribing agency FISKH
Modifying agency FISKH
050 ## - LIBRARY OF CONGRESS CALL NUMBER
Classification number PN1997.B8 T47
082 ## - DEWEY DECIMAL CLASSIFICATION NUMBER
Classification number 298
100 ## - MAIN ENTRY--PERSONAL NAME
Personal name Saxon, Victoria
245 ## - TITLE STATEMENT
Title Thinking big :
Remainder of title A bug's life /
Statement of responsibility, etc. Written by Vitoria Saxon and Annie Auerbach ; Illustrated by Jeffrey Oh and Andrew Phillipson
260 ## - PUBLICATION, DISTRIBUTION, ETC.
Place of publication, distribution, etc. United States :
Name of publisher, distributor, etc. Advance Publishers,
Date of publication, distribution, etc. 1998.
300 ## - PHYSICAL DESCRIPTION
Extent 45 pages :
Other physical details color illustrations ;
Dimensions 26 cm
505 ## - FORMATTED CONTENTS NOTE
Formatted contents note R<br/>
520 ## - SUMMARY, ETC.
Summary, etc. Dot was tired of waiting for her wings to grow. Flik helps her realize that being little is O.K. Dot and Flik learn to think big.<br/>
521 8# - TARGET AUDIENCE NOTE
Target audience note 660<br/>
Source Lexile estimate <br/>
521 8# - TARGET AUDIENCE NOTE
Target audience note R<br/>
Source Raz-Plus<br/>
650 ## - SUBJECT ADDED ENTRY--TOPICAL TERM
Topical term or geographic name entry element A Bug's Life
Form subdivision Cartoons & Characters
General subdivision Insects/Bugs
700 ## - ADDED ENTRY--PERSONAL NAME
Personal name Auerbach, Annie
Relator term Author
700 ## - ADDED ENTRY--PERSONAL NAME
Personal name Oh, Jeffrey
Relator term illustrator
700 ## - ADDED ENTRY--PERSONAL NAME
Personal name Phillipson, Andrew
Relator term illustrator
942 ## - ADDED ENTRY ELEMENTS (KOHA)
Source of classification or shelving scheme Dewey Decimal Classification
Koha item type Books
Suppress in OPAC No
Holdings
Withdrawn status Lost status Source of classification or shelving scheme Damaged status Not for loan Collection Home library Current library Shelving location Date acquired Total Checkouts Full call number Barcode Date last seen Date last checked out Copy number Price effective from Koha item type
    Dewey Decimal Classification     Juvenile Fiction Footprints International School Library Network Toul Kork Campus Footprints International School Library Network Toul Kork Campus TK Primary Library Room(4th Floor), Bookcase 5&6, Shelves 33-56, Orange Books 06/19/2025 1 SAX 298 PN1997.B8 T47 FISBK00395 08/26/2025 08/15/2025 1 06/19/2025 Books
    Dewey Decimal Classification     Juvenile Fiction Footprints International School Library Network Toul Tom Poung Campus Footprints International School Library Network Toul Tom Poung Campus TTP Primary Orange Bookshelves 08/13/2025   SAX 298 PN1997.B8 T47 FIS01342 08/13/2025   2 08/13/2025 Books